| 000 | 01056nam2a2200241 4500 | ||
|---|---|---|---|
| 001 | rc\2892070 | ||
| 005 | 20260315053125.0 | ||
| 035 | _a(NLR Aleph) 007044343 | ||
| 090 |
_a13588657 _c13588657 |
||
| 100 | _a20110725d1929 u y0rusy50 ca | ||
| 101 | 0 | _arus | |
| 102 | _aRU | ||
| 105 | _aa z ||||| | ||
| 200 | 1 |
_aСтрелковое оружие _hVI _iРужейные и ручные гранаты. (1923) |
|
| 210 | _d1929 | ||
| 215 |
_a67 с. _cчерт. |
||
| 461 | 0 |
_1001rc\2892069 _12001#$aНаставление по стрелковому делу РККА$eЧ. 1-$fСССР. Нар. ком. по воен. и мор. делам$vЧ. 1 _96128217 _aСССР _c[Ленинград] _d1929 _fСССР. Нар. ком. по воен. и мор. делам _nГос. изд-во, отд. военной литературы _oЧ. 1- _tНаставление по стрелковому делу РККА _vЧ. 1 |
|
| 801 | 0 |
_aRU _bNLR _gpsbo |
|
| 801 | 1 |
_aRU _bELAR _2rusmarc |
|
| 852 |
_aNLR _j32-15/339 |
||
| 852 |
_aNLR _j30-15/3 |
||
| 942 | _cUNSPEC | ||
| 980 | _aNB | ||